| 000 | 00757nam a2200289Ia 4500 | ||
|---|---|---|---|
| 001 | 5983 | ||
| 003 | IT-RoPAU | ||
| 008 | 130308s9999 xx 000 0 und d | ||
| 040 | _aIT-RoPAU | ||
| 040 | _cIT-RoPAU | ||
| 041 | _aITALIANO | ||
| 100 | _aMorandini Morando | ||
| 100 | _gCodice Aut. SPICS: 3592 | ||
| 245 | _aLuis Bunuel: le idee e le ossessioni di un anarchico visionario | ||
| 245 | _bFilm 1962 | ||
| 250 | _a1a ed. | ||
| 260 | _aMILANO | ||
| 260 | _bFeltrinelli | ||
| 260 | _c1962 [1° Ed.:1962 - Ed.Ling.Originale:1962] | ||
| 300 | _a"6 p. (prefazione: no ; testo: 6 [pagine: 264-269])" | ||
| 650 | _aSAGGI SUL CINEMA | ||
| 650 | _eCodice materia Spics: 6811 | ||
| 942 | _cBK | ||
| 957 | _71 | ||
| 999 |
_c55514 _d55514 |
||
| 999 | _bSI | ||
| 999 | _g1 | ||